zpět

Detail výsledku týmu

U Lucerny ČT, Brno

Datum a čas kvízu

17.5 Celkem bodů Celkový počet nahraných bodů na tomto kvízu bez doplňovacích otázek.
9. Pořadí na kvízu Konečné umístění týmu na tomto kvízu.

Zaznamenané odpovědi

# Otázka Odpověď Body Výsledky
1. V České republice je aktuálně... Olomouc 0
2. Kalifornie je nejlidnatější st... nesmí vlastnit automobil 1
3. Jedna hudební kapela způsobila... Måneskin 1
4. Minulý týden jsme očekávali st... Artemis 1
5. Česká basketbalová reprezentac... Polsko, Srbsko 0
6. V následujících otázkách se bu... (svatý) Vojtěch, benediktíni 0
7. Klášter a zříceninu kláštera,... Porta coeli, Rosa coeli 1
8. Nyní si připomeneme klášterní... 1B 2A 3D 4C 1
9. Rilský klášter patří k nejvýzn... v Bulharsku 0
10. Která známá osobnost byla v le... Johann Gregor Mendel 0